ბათუმის შოთა რუსთაველის სახელმწიფო უნივერსიტეტის ბიბლიოთეკა

ჩემი ზღვა და ხმელეთი. (ბიბ.ჩანაწერი № 41803)

000 -LEADER
fixed length control field 00823nam a2200241Ia 4500
001 - CONTROL NUMBER
control field 8486
003 - CONTROL NUMBER IDENTIFIER
control field GE_BSU
008 - FIXED-LENGTH DATA ELEMENTS--GENERAL INFORMATION
fixed length control field 181216s||||||||xx |||||||||||||| ||und||
040 ## - CATALOGING SOURCE
Transcribing agency GE_BSU
080 ## - UNIVERSAL DECIMAL CLASSIFICATION NUMBER
Universal Decimal Classification number 821.353.1-32
100 ## - MAIN ENTRY--PERSONAL NAME
Personal name ზენაიშვილი,დავით.
245 ## - TITLE STATEMENT
Title ჩემი ზღვა და ხმელეთი.
245 ## - TITLE STATEMENT
Remainder of title მოთხრობები.
245 ## - TITLE STATEMENT
Statement of responsibility, etc. რედ:ლეილა ბეჟანიძე;მხატვ:გურამ გუჯაბუიძე.
260 ## - PUBLICATION, DISTRIBUTION, ETC.
Place of publication, distribution, etc. ბათუმი.
260 ## - PUBLICATION, DISTRIBUTION, ETC.
Name of publisher, distributor, etc. ალიონი.
260 ## - PUBLICATION, DISTRIBUTION, ETC.
Date of publication, distribution, etc. 1995.
300 ## - PHYSICAL DESCRIPTION
Extent 183გვ;1ფ.პორტ.17სმ.
653 ## - INDEX TERM--UNCONTROLLED
Uncontrolled term მოთხრობები.
653 ## - INDEX TERM--UNCONTROLLED
Uncontrolled term ჩემი ზღვა და ხმელეთი.
942 ## - ADDED ENTRY ELEMENTS (KOHA)
Koha item type წიგნი
ეგზემპლარები
Withdrawn status Lost status Damaged status Not for loan Date acquired Barcode Date last seen Price effective from Koha item type
        2018-12-17 30928 2018-12-17 2018-12-17 წიგნი
        2018-12-17 31051 2018-12-17 2018-12-17 წიგნი